[Event "Madrid ch sf-A"]
[Site "Madrid ESP"]
[Date "2006.01.24"]
[Round "8.5"]
[White "Blanco Sanjuan, Jorge"]
[Black "Suarez Triguero, Jose Alfonso"]
[Result "1/2-1/2"]
[WhiteElo "2137"]
[BlackElo "2153"]
[PlyCount "116"]
[EventDate "2006.01.23"]
[EventType "swiss"]
[EventRounds "9"]
[EventCountry "ESP"]
[Source "lmi"]
[SourceDate "2006.01.29"]

1. d4 Nf6 2. Bg5 e6 3. Nf3 Be7 4. e3 h6 5. Bf4 d5 6. c4 c5 7. Nc3 O-O 8. dxc5
Bxc5 9. Be2 Nc6 10. O-O dxc4 11. Bxc4 a6 12. Qe2 b5 13. Rfd1 Qe7 14. Bb3 Bb7
15. Ne5 Nxe5 16. Bxe5 Rfd8 17. Rac1 Rxd1+ 18. Rxd1 Rd8 19. Bc2 Rxd1+ 20. Qxd1
Qd7 21. Qxd7 Nxd7 22. Bc7 Kf8 23. Ne4 Ke7 24. Nxc5 Nxc5 25. f3 Bd5 26. b3 Nb7
27. Kf2 Kd7 28. Be5 f6 29. Bb2 b4 30. e4 Bc6 31. Ke3 e5 32. Bc1 Nc5 33. Bd2 a5
34. f4 exf4+ 35. Kxf4 Ne6+ 36. Ke3 Kd6 37. Be1 Bb5 38. Bg3+ Kc5 39. e5 Nd4 40.
Bg6 a4 41. exf6 gxf6 42. Bh4 axb3 43. Bxf6 Nc2+ 44. Kd2 Nd4 45. Be7+ Kb6 46.
axb3 Nxb3+ 47. Ke3 Nc5 48. Kd4 Ne6+ 49. Ke5 Nc5 50. Bd8+ Kb7 51. Kd6 Bd3 52.
Bf7 b3 53. Kxc5 b2 54. Ba2 b1=Q 55. Bxb1 Bxb1 56. Kd5 Kc8 57. Bf6 h5 58. Ke6
Be4 1/2-1/2

[Event "Madrid ch sf-A"]
[Site "Madrid ESP"]
[Date "2006.01.24"]
[Round "8.6"]
[White "Andalon Gomez, Carlos J"]
[Black "Martin Rodriguez, Emilio"]
[Result "1-0"]
[WhiteElo "2000"]
[BlackElo "2140"]
[PlyCount "111"]
[EventDate "2006.01.23"]
[EventType "swiss"]
[EventRounds "9"]
[EventCountry "ESP"]
[Source "lmi"]
[SourceDate "2006.01.29"]

1. d4 d5 2. c4 c6 3. Nf3 Nf6 4. Nc3 g6 5. g3 Bg7 6. Bg2 O-O 7. Ne5 e6 8. O-O
Nfd7 9. Nxd7 Nxd7 10. b3 dxc4 11. bxc4 Nb6 12. e3 Nxc4 13. Qe2 Nb6 14. Rb1 Nd5
15. Bb2 a5 16. Rfc1 Re8 17. Na4 b6 18. a3 Ba6 19. Qd1 Rc8 20. e4 Ne7 21. Ba1
Rb8 22. Rc2 Bb5 23. Rd2 Nc8 24. d5 exd5 25. Bxg7 Kxg7 26. exd5 Qf6 27. dxc6
Bxc6 28. Bxc6 Qxc6 29. Rc1 Qf6 30. Rd7 b5 31. Nc5 b4 32. axb4 axb4 33. Nb3 Re7
34. Rd8 Qe5 35. Rdxc8 Rxc8 36. Rxc8 f6 37. Rd8 h5 38. Qd5 Qe1+ 39. Kg2 Re6 40.
Rd7+ Re7 41. Nd4 Kh6 42. Rxe7 Qxe7 43. Ne6 g5 44. Nd4 Kg6 45. Qf5+ Kg7 46. Qe6
Qxe6 47. Nxe6+ Kf7 48. Nd4 f5 49. Kf3 Kf6 50. Ke3 h4 51. f4 hxg3 52. hxg3 Kg6
53. Kd3 gxf4 54. gxf4 Kh5 55. Kc4 Kg4 56. Ne6 1-0

[Event "Madrid ch sf-A"]
[Site "Madrid ESP"]
[Date "2006.01.24"]
[Round "8.7"]
[White "Camacho Casado, Demetrio"]
[Black "Cabañas Bravo, Juan Andres"]
[Result "1-0"]
[WhiteElo "2032"]
[BlackElo "2106"]
[PlyCount "73"]
[EventDate "2006.01.23"]
[EventType "swiss"]
[EventRounds "9"]
[EventCountry "ESP"]
[Source "lmi"]
[SourceDate "2006.01.29"]

1. Nf3 Nf6 2. b3 g6 3. Bb2 Bg7 4. g3 O-O 5. Bg2 d5 6. O-O c5 7. c4 dxc4 8. bxc4
Qb6 9. Qc1 Bh6 10. Ne5 Rd8 11. f4 Nbd7 12. e3 Nxe5 13. fxe5 Ne8 14. Nc3 Be6 15.
Nd5 Bxd5 16. Bxd5 e6 17. Be4 Rd7 18. Bc3 Rad8 19. Qa3 a6 20. Ba5 Qa7 21. Bxd8
Rxd8 22. Qb2 b5 23. cxb5 c4 24. b6 Qb8 25. a4 Bg7 26. Rab1 Bxe5 27. Qc1 Nf6 28.
Bg2 Ng4 29. Qxc4 h5 30. Qe2 Bxg3 31. hxg3 Qxg3 32. Rf3 Qh2+ 33. Kf1 Qe5 34. Rf4
Rxd2 35. Qxd2 Nxe3+ 36. Kg1 Qxf4 37. b7 1-0

[Event "Madrid ch sf-A"]
[Site "Madrid ESP"]
[Date "2006.01.24"]
[Round "8.8"]
[White "Lorenzo Bailador, Alfredo"]
[Black "Santos Ortigosa, Joaquin"]
[Result "1/2-1/2"]
[WhiteElo "2091"]
[BlackElo "1847"]
[PlyCount "75"]
[EventDate "2006.01.23"]
[EventType "swiss"]
[EventRounds "9"]
[EventCountry "ESP"]
[Source "lmi"]
[SourceDate "2006.01.29"]

1. e4 Nf6 2. e5 Nd5 3. d4 d6 4. Nf3 g6 5. Bc4 Nb6 6. Bb5+ Bd7 7. Bxd7+ Qxd7 8.
O-O Bg7 9. c3 Nc6 10. exd6 cxd6 11. Bf4 O-O 12. Qc1 e5 13. dxe5 dxe5 14. Bh6 e4
15. Ne1 Rfe8 16. Bxg7 Kxg7 17. Nc2 Rad8 18. Nba3 Ne5 19. Nd4 Nd3 20. Qc2 f5 21.
Rad1 Nd5 22. Nc4 Qc8 23. Qb3 f4 24. f3 Nc5 25. Qc2 e3 26. Ne2 Qc7 27. Na3 a6
28. Qb1 Ne7 29. Nc2 Nf5 30. Rxd8 Rxd8 31. Ncd4 Nxd4 32. cxd4 Nd7 33. Qe4 Rf8
34. g3 fxg3 35. Nxg3 Nf6 36. Qxe3 Re8 37. Qc3 Qd7 38. Qd2 1/2-1/2

[Event "Madrid ch sf-A"]
[Site "Madrid ESP"]
[Date "2006.01.24"]
[Round "8.9"]
[White "Barahona Torrijos, Angel"]
[Black "Marcos Herrero, Francisco"]
[Result "1-0"]
[WhiteElo "2045"]
[BlackElo "1993"]
[PlyCount "49"]
[EventDate "2006.01.23"]
[EventType "swiss"]
[EventRounds "9"]
[EventCountry "ESP"]
[Source "lmi"]
[SourceDate "2006.01.29"]

1. e4 d6 2. f4 g6 3. d4 Nf6 4. e5 Nd5 5. Qf3 c6 6. c4 Nb6 7. Nc3 Bg7 8. Bd3
dxe5 9. dxe5 Be6 10. b3 N8d7 11. Qg3 Qc7 12. Nge2 Nc5 13. Bc2 O-O-O 14. Ba3 Na6
15. Ne4 Bf5 16. Nd6+ exd6 17. Bxf5+ Kb8 18. exd6 Rxd6 19. Bxd6 Qxd6 20. Rd1 Qa3
21. Bd3 Re8 22. O-O Qxa2 23. f5+ Be5 24. Qf2 Nc5 25. Qxc5 1-0

[Event "Madrid ch sf-A"]
[Site "Madrid ESP"]
[Date "2006.01.25"]
[Round "9.1"]
[White "Elissalt Cardenas, Hector"]
[Black "Andalon Gomez, Carlos J"]
[Result "1-0"]
[WhiteElo "2346"]
[BlackElo "2000"]
[PlyCount "83"]
[EventDate "2006.01.23"]
[EventType "swiss"]
[EventRounds "9"]
[EventCountry "ESP"]
[Source "lmi"]
[SourceDate "2006.01.29"]

1. Nf3 d5 2. d4 Nf6 3. Bf4 c5 4. e3 e6 5. c3 Nc6 6. Nbd2 Bd6 7. dxc5 Bxc5 8.
Bd3 O-O 9. O-O Bd6 10. Bg5 h6 11. Bh4 Be7 12. Qe2 e5 13. Bxf6 Bxf6 14. e4 d4
15. cxd4 exd4 16. a3 Bg4 17. h3 Bxf3 18. Nxf3 Re8 19. Nd2 Ne5 20. f4 Nxd3 21.
Qxd3 g6 22. e5 Bg7 23. Nf3 Qb6 24. Rf2 Rad8 25. Rd1 Rd5 26. Re2 Rb5 27. Nd2 Rd5
28. Ne4 Kh7 29. Kh1 Qe6 30. Rf1 Qa6 31. Rf3 Qxd3 32. Rxd3 h5 33. g4 h4 34. g5
Rc8 35. Red2 Rcd8 36. Kg2 Kg8 37. Kf3 Kf8 38. Rc2 R8d7 39. Rc8+ Ke7 40. Nf6
Bxf6 41. gxf6+ Ke6 42. Ke4 1-0

[Event "Madrid ch sf-A"]
[Site "Madrid ESP"]
[Date "2006.01.25"]
[Round "9.2"]
[White "Pastor Alonso de Prado, Alberto"]
[Black "Gonzalez Somoza, Oliver"]
[Result "0-1"]
[WhiteElo "2192"]
[BlackElo "2218"]
[PlyCount "80"]
[EventDate "2006.01.23"]
[EventType "swiss"]
[EventRounds "9"]
[EventCountry "ESP"]
[Source "lmi"]
[SourceDate "2006.01.29"]

1. d4 f5 2. g3 g6 3. Bg2 Nf6 4. c4 Bg7 5. Nc3 O-O 6. Nh3 c5 7. d5 e5 8. dxe6
dxe6 9. Bf4 Qb6 10. Qb3 Nc6 11. O-O e5 12. Qxb6 axb6 13. Bg5 Be6 14. b3 e4 15.
Rac1 Nh5 16. Na4 Nd4 17. Rfe1 h6 18. Be3 Ra6 19. f3 exf3 20. exf3 Bd7 21. Nc3
Bc6 22. f4 Nf3+ 23. Bxf3 Bxf3 24. Na4 Re8 25. Bd2 Bc6 26. Bc3 Bxa4 27. Bxg7
Nxg7 28. bxa4 Rxa4 29. Rxe8+ Nxe8 30. Rb1 Ra6 31. Nf2 Nd6 32. Rd1 Nxc4 33. Rd7
Rxa2 34. Rxb7 Ne3 35. h4 Nd5 36. Rd7 Rd2 37. Rd6 Kf7 38. Rc6 Rd4 39. Kf1 c4 40.
Ke2 b5 0-1

[Event "Madrid ch sf-A"]
[Site "Madrid ESP"]
[Date "2006.01.25"]
[Round "9.3"]
[White "Salas Romero, Santiago"]
[Black "Ruiz Saiz, Agustin"]
[Result "0-1"]
[WhiteElo "2122"]
[BlackElo "2246"]
[PlyCount "74"]
[EventDate "2006.01.23"]
[EventType "swiss"]
[EventRounds "9"]
[EventCountry "ESP"]
[Source "lmi"]
[SourceDate "2006.01.29"]

1. Nf3 f5 2. d4 g6 3. g3 Bg7 4. b4 Nf6 5. Bb2 O-O 6. Bg2 d6 7. O-O c6 8. c4 Kh8
9. Nbd2 Be6 10. Qc2 Bg8 11. a4 Nbd7 12. Ne1 e5 13. dxe5 dxe5 14. e4 f4 15. Bh3
g5 16. Bf5 Qe8 17. Nd3 Be6 18. Bxe6 Qxe6 19. Nf3 Nh5 20. Rad1 Rae8 21. Kg2 g4
22. Nh4 f3+ 23. Kg1 Bf6 24. Nf5 Ng7 25. Nc5 Nxc5 26. bxc5 Nxf5 27. exf5 Qf7 28.
Rfe1 Qh5 29. Qd3 Rd8 30. Qf1 Qxf5 31. Re3 Rxd1 32. Qxd1 Rd8 33. Qe1 Qc2 34.
Bxe5 Rd1 35. Bxf6+ Kg8 36. Re8+ Kf7 37. Re7+ Kg6 0-1

[Event "Madrid ch sf-A"]
[Site "Madrid ESP"]
[Date "2006.01.25"]
[Round "9.4"]
[White "De la Fuente Gonzalez, Francisco"]
[Black "Ballesteros Gonzalez, David"]
[Result "1-0"]
[WhiteElo "2213"]
[BlackElo "2224"]
[PlyCount "75"]
[EventDate "2006.01.23"]
[EventType "swiss"]
[EventRounds "9"]
[EventCountry "ESP"]
[Source "lmi"]
[SourceDate "2006.01.29"]

1. d4 Nf6 2. Nc3 d5 3. Nf3 e6 4. e3 Nbd7 5. Bd3 c5 6. O-O a6 7. a4 c4 8. Be2
Rb8 9. e4 Bb4 10. exd5 exd5 11. Bf4 Ra8 12. Ne5 O-O 13. Bf3 Bxc3 14. bxc3 Qa5
15. Qd2 Nb6 16. Bg5 Ne4 17. Bxe4 dxe4 18. Be7 Re8 19. Bb4 Qd5 20. a5 Nd7 21.
Ng4 f5 22. Ne3 Qf7 23. f4 Nf6 24. d5 Bd7 25. Rad1 Rac8 26. Qd4 Qh5 27. h3 Qh4
28. Bd6 Nh5 29. Be5 Qg3 30. Rb1 Rxe5 31. fxe5 f4 32. e6 Be8 33. d6 Rd8 34. Nf5
Qg5 35. Qxe4 g6 36. e7 Rb8 37. Qe6+ Bf7 38. d7 1-0

[Event "Madrid ch sf-A"]
[Site "Madrid ESP"]
[Date "2006.01.25"]
[Round "9.5"]
[White "Blanco Sanjuan, Jorge"]
[Black "Camacho Casado, Demetrio"]
[Result "1-0"]
[WhiteElo "2137"]
[BlackElo "2032"]
[PlyCount "59"]
[EventDate "2006.01.23"]
[EventType "swiss"]
[EventRounds "9"]
[EventCountry "ESP"]
[Source "lmi"]
[SourceDate "2006.01.29"]

1. e4 e5 2. Nf3 f5 3. d4 fxe4 4. Nxe5 Nf6 5. Nc3 d6 6. Nc4 c6 7. Bg5 b5 8. Ne3
d5 9. Bxf6 Qxf6 10. Ncxd5 cxd5 11. Qh5+ Qf7 12. Bxb5+ Bd7 13. Qxd5 Qxd5 14.
Nxd5 Bxb5 15. Nc7+ Kd8 16. Nxb5 Nc6 17. O-O-O g6 18. Rhe1 a6 19. Nc3 Na5 20.
Nxe4 Nc4 21. c3 Rb8 22. b3 Bh6+ 23. Kc2 Nb6 24. g3 Nd5 25. Nc5 a5 26. Re5 Nf6
27. Rde1 Ng4 28. Rd5+ Kc8 29. Re6 Ra8 30. Rd7 1-0

[Event "Madrid ch sf-A"]
[Site "Madrid ESP"]
[Date "2006.01.25"]
[Round "9.6"]
[White "Suarez Triguero, Jose Alfonso"]
[Black "Barahona Torrijos, Angel"]
[Result "1-0"]
[WhiteElo "2153"]
[BlackElo "2045"]
[PlyCount "91"]
[EventDate "2006.01.23"]
[EventType "swiss"]
[EventRounds "9"]
[EventCountry "ESP"]
[Source "lmi"]
[SourceDate "2006.01.29"]

1. e4 e5 2. Bc4 Nf6 3. d3 Nc6 4. Nf3 Bc5 5. Nc3 d6 6. Bg5 h6 7. Bxf6 Qxf6 8.
Nd5 Qg6 9. Qe2 Bg4 10. c3 Kd7 11. b4 Bb6 12. Ne3 Be6 13. Bb5 a6 14. Ba4 Bxe3
15. Bxc6+ bxc6 16. fxe3 Bg4 17. Qf2 Bxf3 18. Qxf3 Qe6 19. O-O f6 20. d4 d5 21.
Rad1 Rae8 22. exd5 cxd5 23. dxe5 c6 24. exf6 gxf6 25. c4 Qxe3+ 26. Qxe3 Rxe3
27. cxd5 cxd5 28. Rxd5+ Ke6 29. Ra5 Ra8 30. Kf2 Re5 31. Re1 Kf5 32. Rexe5+ fxe5
33. b5 Ke4 34. Ke2 Rg8 35. bxa6 Rxg2+ 36. Kf1 Rg8 37. a7 Ra8 38. Ke2 Kf4 39.
Ra4+ e4 40. Ra6 h5 41. Ra3 Kg4 42. Ke3 Kh3 43. Kxe4+ Kxh2 44. Kd5 h4 45. Kc6 h3
46. Kb7 1-0

[Event "Madrid ch sf-A"]
[Site "Madrid ESP"]
[Date "2006.01.25"]
[Round "9.7"]
[White "Lopez de Turiso, Jose Angel"]
[Black "Pardo Robles, Jose Manuel"]
[Result "1/2-1/2"]
[WhiteElo "2112"]
[BlackElo "1994"]
[PlyCount "111"]
[EventDate "2006.01.23"]
[EventType "swiss"]
[EventRounds "9"]
[EventCountry "ESP"]
[Source "lmi"]
[SourceDate "2006.01.29"]

1. e4 c5 2. Nf3 d6 3. d4 cxd4 4. Nxd4 Nf6 5. Nc3 g6 6. Be3 Bg7 7. h3 O-O 8. g4
Nc6 9. g5 Nd7 10. h4 Bxd4 11. Bxd4 Nxd4 12. Qxd4 Qb6 13. O-O-O Qxd4 14. Rxd4
Nb6 15. h5 Be6 16. Bh3 Bxh3 17. Rxh3 Rac8 18. Rd1 gxh5 19. Rxh5 Kg7 20. Rdh1
Rh8 21. Ne2 Rc5 22. Ng3 e6 23. f4 Nd7 24. Rh6 d5 25. Kd2 dxe4 26. Nxe4 Rf5 27.
Ng3 Rd5+ 28. Ke3 Rc5 29. R1h2 Rc6 30. b3 Rc3+ 31. Kf2 Rxc2+ 32. Kf3 Rxh2 33.
Rxh2 Rc8 34. Kg4 f5+ 35. Kh4 Kg6 36. Rd2 Rc7 37. Rd6 Nf8 38. Ne2 Rd7 39. Rd4 h6
40. gxh6 Kxh6 41. b4 Rxd4 42. Nxd4 a6 43. a4 b6 44. a5 bxa5 45. bxa5 Kg6 46.
Nb3 Nd7 47. Kg3 Kf6 48. Kf3 e5 49. fxe5+ Kxe5 50. Ke3 Nb8 51. Kd3 Kd5 52. Nd4
Nc6 53. Nxf5 Nxa5 54. Kc3 Nc6 55. Ne3+ Kc5 56. Nc4 1/2-1/2

[Event "Madrid ch sf-A"]
[Site "Madrid ESP"]
[Date "2006.01.25"]
[Round "9.8"]
[White "Martin Rodriguez, Emilio"]
[Black "Cortes Jurado, Rafael"]
[Result "1-0"]
[WhiteElo "2140"]
[BlackElo "2116"]
[PlyCount "113"]
[EventDate "2006.01.23"]
[EventType "swiss"]
[EventRounds "9"]
[EventCountry "ESP"]
[Source "lmi"]
[SourceDate "2006.01.29"]

1. e4 c5 2. d3 Nc6 3. g3 g6 4. Bg2 Bg7 5. Nf3 d5 6. exd5 Qxd5 7. O-O Nf6 8. Ng5
Qd8 9. Nc3 O-O 10. Nge4 Nxe4 11. Nxe4 Qb6 12. Rb1 Be6 13. a3 c4 14. Be3 Qc7 15.
Nc5 Bf5 16. g4 Bc8 17. b4 cxd3 18. cxd3 Nd4 19. Rc1 Qb6 20. Rc4 e5 21. f4 Be6
22. fxe5 Bxc4 23. Bxd4 Be6 24. Bf2 Bxe5 25. Qe2 Qc7 26. Nxb7 Rae8 27. Qf3 Rb8
28. Bxa7 Bxh2+ 29. Kh1 Qxb7 30. Qxb7 Rxb7 31. Bxb7 Be5 32. d4 Rd8 33. Bb6 Rb8
34. dxe5 Rxb7 35. Bc5 Bxg4 36. a4 Bd7 37. a5 Bb5 38. Rf6 Bd3 39. Rd6 Be4+ 40.
Kh2 h5 41. Kg3 g5 42. a6 Rb8 43. Rh6 Bg6 44. a7 Rd8 45. Rxg6+ fxg6 46. Bd6 h4+
47. Kg4 Kg7 48. Bb8 Rd3 49. Kxg5 Ra3 50. Kxh4 Kh6 51. Kg4 Ra4 52. Kf3 g5 53. b5
g4+ 54. Kg2 Kg5 55. e6 Ra2+ 56. Kf1 g3 57. e7 1-0